000 00214nam a22001217a 4500
040 _cSY
082 _a027
100 _aNA
245 _aProject document
260 _aRUA
_bNA
_c2002
300 _a63p.
942 _cEK
999 _c9731
_d9731